| 000 | 00524nam a2200169 a 4500 | ||
|---|---|---|---|
| 005 | 20220523132814.0 | ||
| 008 | 991125n 000 0 spa u | ||
| 035 | _aUPN01000086231 | ||
| 100 | 1 |
_aGonzález Blackaller, Ciro E. _928542 |
|
| 222 |
_aTRIBUNA : _bREVISTA BIMESTRAL INFORMATIVA Y DE ORIENTACION |
||
| 245 | _aLos Medios Auxiliares del Aprendizaje en la Ensenanza de la Historia / SEP | ||
| 300 | _a6-10 | ||
| 362 | _a1954 2 (7) | ||
| 700 | _aGuevara Ramirez, Luis | ||
| 904 |
_aAC _b024042 |
||
| 905 | _aArticulo | ||
| 999 |
_c72224 _d72224 |
||